| 000 | 01661nam a2200313 4500 | ||
|---|---|---|---|
| 001 | 14063 | ||
| 003 | http://catalogue.bnf.fr/ark:/12148/cb48729024c | ||
| 005 | 20260401184644.0 | ||
| 010 |
_a9782493307163 _d14 EUR |
||
| 073 | 0 | _a9782493307163 | |
| 090 | _a14063 | ||
| 099 | _o0 | ||
| 100 | _a20260313d2026 m y0frey50 ba | ||
| 101 | 0 | _afre | |
| 102 | _aFR | ||
| 105 | _a||||z 00||| | ||
| 181 | 0 |
_601 _ai _bxxxe |
|
| 181 |
_602 _ctxt _2rdacontent |
||
| 182 | 0 |
_601 _an |
|
| 182 |
_602 _cn _2rdamedia |
||
| 200 | 1 |
_aLe goût de l'autre _bTexte imprimé _ethéâtre |
|
| 214 | 0 | _d2026 | |
| 215 | _a1 vol. (77 p.) | ||
| 215 | _d18 cm | ||
| 225 | 1 | _aQuartett | |
| 330 | _a« Le goût de l’autre » de Shiho Kasahara est une pièce de théâtre en un acte qui explore, à travers les interactions sensorielles et quotidiennes d’un duo « ELLE » et « LUI », les séquelles invisibles du traumatisme inspirées par la triple catastrophe de Tohoku en 2011 (séisme, tsunami, Fukushima). Structurée en fragments numérotés autour d’une imprimante centrale – symbole de mélange et de contagion –, l’œuvre entrelace des scènes de bureau anxiogènes (impressions mélangées, formations sur le stress, annulations d’événements), des dîners maladroits au restaurant, des monologues introspectifs et des souvenirs olfactifs obsédants, notamment l’odeur du vin rouge associée à la mère du personnage féminin « ELLE » lors du séisme, écho traumatique qui imprègne les corps et les espaces partagés. | ||
| 610 |
_aJapon _acouple |
||
| 700 |
_aKasahara _bShiho |
||
| 801 | 0 |
_aFR _bFR-751131015 _c20260313 _gAFNOR _hFRBNF487290240000008 |
|